01003nam a2200241 a 450000100100000000500170001000800410002704000250006808200190009310000260011224500340013826000420017230000200021459000270023465000300026165000280029165000310031991000370035095201170038795201230050495201170062799900170074400001242120240412074232.0091112s1986 dr 000 m spa d aDO-SdBNPbspacBNPHU aRD863.44bI32i1 aImbert, Carmen92912310aInfidencias /cCarmen Imbert. aSanto Domingo :bAlfa & Omega,c1986. a73 p. ;c20 cm. aInventariado, 2020 /LP 4aCuentos dominicana929124 0aPoesía dominicana966 0aLiteratura dominicana.967 aValidado. Control de calidad MFF 0010718PDaPDbPDcHDd2009-11-12iLF1l0oRD863.44 I32ip12421-10r2020-06-25w2020-06-25yLFPDZNo se presta 0010718PDaPDbPDcHDd2011-04-27iLF1l0oRD863.44 I32ip12421-20r2020-06-25te. 2w2020-06-25yLFPDZNo se presta 0011718PDaPDbPDcMId2011-07-26iLF1l0oRD863.44 I32ip12421-30r2020-06-25w2020-06-25yLFPDZNo se presta c12078d12078